00607nam a2200157Ia 4500001000700000003000500007008004100012010001100053040000900064100003800073245018600111260004100297300000700338502007500345700002900420Z_5802CHAP220113s2009 xx 000 0 und d a169001 cCHAP aCiriaco Mariano, Ramón Andrés aConsumo de mataeria seca y energía por vacas lecheras pastoreando pastizal nativo en Marcos Castellanos, Michoacán /cRamón Andrés Ciriaco Mariano y Humberto Gómez Grande aChapingo, Méx. :bEl autor,c2009 a41 aTesis (Ing. Agr. Esp. en Zootecnia) -- UACH. Departamento de Zootecnia aGómez Grande, Humberto